000 00907fam a2200313 a 4500
001 1530979
003 OSt
005 20150616124027.0
008 940607s1994 enk 000 1 eng d
020 _a0571172539
035 _a(OCoLC)32108614
035 _a(OCoLC)ocm32108614
035 _a(NNC)1530979
040 _aNNC
_cNNC
043 _ae-uk-en
050 4 _aPR 6060
_b.J27 1994
082 _aFIC J23o
_b1994.
100 1 _aJames, P. D.
_95952
245 1 0 _aOriginal sin /
_cP.D. James.
260 _aLondon :
_aBoston :
_bFaber and Faber,
_c1994.
300 _a426 p. ;
_c25 cm.
650 0 _aDalgliesh, Adam (Fictitious character)
_vFiction.
_918363
650 0 _aPublishers and publishing
_zEngland
_zLondon
_vFiction.
_918364
650 0 _aPolice
_zEngland
_zLondon
_vFiction.
_918365
651 0 _aLondon (England)
_vFiction.
_918366
942 _2lcc
_cBK
999 _c10952
_d10952